000 00587nam a2200229Ia 4500
003 OSt
005 20220924153335.0
006 a|||||r|||| 00| 0
007 ta
008 220923b |||||||| |||| 00| 0 guj d
024 _a347992
037 _cTextual
040 _aARTS
_cARTS
_bguj
041 _2guj
_aguj
082 _aNR2, 156J0.1-.2
100 _aShan Aouehavlal
_9228587
245 0 _aGeet gaadh sangeet kala
260 _c1950
650 _aMUSIC
_917402
942 _hNR2, 156J0.1-.2
_cTEXL
_2CC
999 _c473233
_d473233